Vida y misterio de Jesús de Nazaret
Guardat en:
| Autor principal: | |
|---|---|
| Format: | Llibre |
| Idioma: | espanyol |
| Publicat: |
Salamanca
Ediciones Sígueme
1993
|
| Edició: | 9a. ed |
| Col·lecció: | Nueva Alianza, 105
|
| Matèries: | |
| Etiquetes: |
Afegir etiqueta
Sense etiquetes, Sigues el primer a etiquetar aquest registre!
|
MARC
| LEADER | 00000cam a2200000 a 4500 | ||
|---|---|---|---|
| 001 | UCC6350 | ||
| 003 | CL-VaPUC | ||
| 008 | 181207e19930000sp |||||||||||||||||spa|d | ||
| 020 | |a 8430110372t.3 | ||
| 082 | 0 | 4 | |a 232.901 |b MAR |2 21 |
| 100 | |a Martín Descalzo, José Luis |e autor |9 600772 | ||
| 245 | 1 | 0 | |a Vida y misterio de Jesús de Nazaret |
| 250 | |a 9a. ed | ||
| 300 | |a t | ||
| 942 | |c BK | ||
| 945 | |d 20181207 13:37:00 |a dcastane | ||
| 260 | |a Salamanca |b Ediciones Sígueme |c 1993 | ||
| 500 | |a t.3: La cruz y la gloria | ||
| 650 | 0 | |a Cristología |9 315091 | |
| 650 | 0 | |a Vida de Jesús |9 478097 | |
| 583 | |a last modification |c 20181207 13:37:00 |k Rodrigo Vera | ||
| 490 | 0 | |a Nueva Alianza, 105 | |
| 999 | |c 373299 |d 373297 | ||
| 952 | |0 0 |1 0 |3 erb |4 0 |6 232_901000000000000_MAR_1993 |7 0 |8 A |9 491369 |a BIBTEO |b BIBTEO |e Precht Pizarro, Jorge Enrique |h t.3 |i 5519810 |o 232.901 MAR 1993 |p 5519810 |r 2025-01-17 |w 2019-11-24 |y BK |z Catalogado en:20181207 |k ICR | ||